000
00450nam a2200145Ia 4500
008
100122s9999 xx 000 0 und d
082
_b
37742
_a
823
100
_a
बोरकर वि ज
245
_a
माती आणि आदेऊश
260
_b
मौज प्रकाशन गृह
_c
1905
300
_a
154
630
_a
माती आणि आदेऊश
730
_a
माती आणि आदेऊश
942
_c
BOOK
999
_c
420103
_d
420100